Role of correctional industries: a summary report (Record no. 495836)

000 -LEADER
fixed length control field 00433cam a22001097a 4500
008 - FIXED-LENGTH DATA ELEMENTS--GENERAL INFORMATION
fixed length control field 180718b1972 xxu||||| |||| 00| 0 eng d
082 ## - DEWEY DECIMAL CLASSIFICATION NUMBER
Classification number Q93x73 Un3r
245 ## - TITLE STATEMENT
Title Role of correctional industries: a summary report
Statement of responsibility, etc. by National Institute of Law Enforcement and Criminal Justice, U.S.A.
260 ## - PUBLICATION, DISTRIBUTION, ETC.
Place of publication, distribution, etc. Washington
Name of publisher, distributor, etc. Department of Justice
Date of publication, distribution, etc. 1972
300 ## - PHYSICAL DESCRIPTION
Extent 27p.
700 ## - ADDED ENTRY--PERSONAL NAME
Personal name U.S.A. National Institute of Law Enforcement and criminal justice
Holdings
Withdrawn status Lost status Damaged status Not for loan Permanent Location Current Location Date acquired Full call number Barcode Date last seen Price effective from Koha item type
        Indian Institute of Public Administration Indian Institute of Public Administration 2018-08-04 Q93x73 Un3r G11937 2018-08-04 2018-08-04 G

Powered by Koha